Регионална библиотека "Любен Каравелов" - Русе

Българско-английски разговорник за САЩ. (Запис номер 373208)

MARC детайли
000 -Лидер
Контролно поле с фиксирана дължина nam a22 7a 4500
003 - Код на организацията, давaща контролен номер
Контролно поле BLK
005 - Дата и час на последна редакция
Контролно поле 20201007040848.0
008 - Елементи от данни с фиксирана дължина
fixed length control field 200707b bu ||||| |||| 00| 0 bu d
040 ## - Източник на каталожния запис
Идентификатор на билиотеката - собственик на записа BLK
041 ## - Код за език
Код за езика на текст/звукозапис или на отделно заглавие Български
Код за езика КДБФ Български
080 ## - УДК
Текстов определител УДК Английски език
УДК код - определител по УДК 811.111
УДК определител (038.2)
УДК - код + определител 808.67(038.2)
100 ## - Редна дума - Автор
Автор Шурбанова, Даниела
Авторска отговорност първи автор
R(LIN) 1299
139 ## - Редно поле
Редна дума Шурбанова, Даниела
Авторски знак Шу - Ш 96
245 ## - Сведения за заглавието
Заглавие Българско-английски разговорник за САЩ.
Редно поле (дума) Даниела Шурбанова; Консултант Джим Томас;
250 ## - Област на изданието
Сведения за изданието 2. изд.
257 ## - Страна на издаване
Страна на създаване/издаване България
260 ## - Област на издателските данни
9 (RLIN) 209758
Място на издаване, разпространение и проч. София
Име на издателя, разпространителя и проч. Перо
Година на издаване 1996
Издателство - префикс ISBN 954-448-
300 ## - Физическа характеристика
Страници 192 с.
Илюстрации и др. с ил.
Размери/Мащаб 17 см
380 ## - Жанр
Жанр Езикознание. Филология
500 ## - Общи забележки
Забележка 1. изд. 1992;<br/>Съдържа и Запознайте се - САЩ / Д. Томас;<br/>Свържи с N 2524 на Бълг. книгопис, 1994;<br/>
700 ## - Други автори (авторска отговорност)
9 (RLIN) 640
Лично име Томас, Джим
Автороска отговорност (Описва отношението между автора и произведението) консултант
852 ## - Местоположение
Форматна сигнатура Цб I 27373
999 ## - СИСТЕМНИ КОНТРОЛНИ НОМЕРА
Koha biblionumber 373208
Koha biblioitemnumber 373208
942 ## - АРТИКУЛИ
Вид на библиотечния материал Книги
Скрит в OPAC Не
Периодичен библиозапис Да
944 ## - СЪЗДАВАНЕ И РЕДАКЦИЯ на ЗАПИСА
Създаване/Редакция Създаване
Дата на регистрацията/редакция 2020-07-07
Служител, извършил регистрацията/редакцията Ивелин Русев
Наличности
Код за отписване Код за изгубен артикул Източник на класификационната схема Код за повреда Коз за рестрикции Код за отдаване Артикулен № Име на библиотеката - собственик Име на библиотеката, в която се намира в момента Статус (Текущо местоположение) Дата на вписване в системата Местоположение - отдел Цена в лева Инвентарен номер Систематично азбучна сигнатура Баркод Цена в евро Служебен тип на артикула
  Не е изгубен Universal Decimal Classification Не е повреден само за читалня ползва се в читалня 782036 Регионална библиотека "Любен Каравелов" Русе Регионална библиотека "Любен Каравелов" Русе Хранилище 2020-07-08 Хранилище 0.70 603638 Цб I 27373 120000603638 0.36 Книги
Vip Innovations Ltd, Rousse, Bulgaria 2025